Clic Qui gouverne en Europe le 1er janvier 1871 ? - Statistiques

Statistiques générales
  • Ce quiz a été pris 13 fois
  • Le résultat moyen est 13 sur 19
Statistiques - réponses
Hint Réponse % Correct
République française Adolphe Thiers
100%
Royaume de Belgique Léopold II
100%
République de Saint-Marin Melchiorre Filippi & Domenico Fattori
100%
Empire Ottoman Abdülaziz
90%
Empire d'Autriche François-Joseph Ier
90%
Confédération suisse Karl Schenk
90%
Royaume d'Italie Victor-Emmanuel II
90%
Royaume-Uni Victoria
80%
Royaume de Danemark Christian IX
70%
Empire d'Allemagne Guillaume 1er
70%
Principauté d'Andorre (2e co-prince) Josep Caixal i Estradé
70%
Empire russe Alexandre II
60%
Royaumes de Suède & de Norvège Charles XV
60%
Royaume des Pays-Bas & Grand-duché de Luxembourg Guillaume III
60%
Royaume d'Espagne Amédée 1er
40%
Royaume de Grèce Georges 1er
40%
Principauté du Liechtenstein Jean II
40%
Principauté de Monaco Charles III
30%
Royaume du Portugal Louis 1er
30%
Aucun quiz correspondant
Distribution des résultats
% des personnes avec chaque résultat
Percentile par nombre de réponses
Votre historique - résultats
Vous n’avez pas pris ce quiz